00884cam a2200265 a 450000100100000000500170001000800410002701000130006802000150008103500200009604000230011604200140013908200180015310000310017124500440020226000430024630000210028949000420031065000280035265000310038083000370041191000340044895201210048299900150060300000828820200929161325.0930909s1989 sp 000 1 spa d a90134846 a8420480665 a(OCoLC)21336636 aDO-SdBNPcTxUdDLC alccopycat a863.64bC749t1 aConget, Jose Maria.92243310aTodas las mujeres /cJose Maria Conget. aMadrid :bAlfaguara Hispanica,cc1989. a192 p. ;c22 cm.1 aAlfaguara hispanica ;vnueva ser., 64 4aNovela española91123 4aLiteratura española9632 0aAlfaguara hispanica ;v64.94764 aCatalogación por copia / LC 001052708MOaGRbGRcCTd2009-09-15iLF1l0o863.64 C749tp8288-10r2020-06-25w2020-06-25y2ZPréstamo interno c8059d8059